All F1 drivers as of April 2024 - Statistics

General Stats
  • This quiz has been taken 19 times
  • The average score is 14 of 20
Answer Stats
Country Team Driver % Correct
Spain Ferrari Carlos Sainz
100%
Monaco Ferrari Charles Leclerc
100%
Spain Aston Martin Fernando Alonso
100%
UK Mcclaren Lando Norris
100%
Australia Mcclaren Oscar Piastri
100%
UK Mercedes George Russell
95%
Canada Aston Martin Lance Stroll
95%
UK Mercedes Lewis Hamilton
95%
Netherlands Red bull Max Verstappen
95%
Mexico Red bull Sergio Perez
95%
Australia red bull visa Daniel Ricciardo
84%
Denmark Haas Kevin Magnussen
84%
Thailand Williams Alexander Albon
74%
France Alpine Esteban Ocon
74%
Germany Haas Nico Hulkenburg
74%
China Kick sauber Zhou Guanyu
47%
Finland Kick sauber Valtteri Botas
32%
France Alpine Pierre Gasley
5%
USA Williams Logan Seargent
0%
Japan red bull visa Yuki Tsonoda
0%
No matching quizzes found
Score Distribution
Percent of People with Each Score
Percentile by Number Answered
Your Score History
You have not taken this quiz